000 02148cam a2200361 4500
001 ##E130209
002 ##9040
008 050701n2005 000 0 eng u
020 _a1842192353
035 _a(Sirsi) u130209
041 0 _aeng
050 0 4 _a347.4107 $2 18
100 1 _aMills, Richard
245 0 0 _aCase in point
_bconstruction adjudication
260 _aCoventry
_bRICS Books
_c2005
300 _axxiv, 210p.
_c21cm.
350 _a£24.95
490 0 _aRICS Case in Point Series
505 2 _aStatutory adjudication -- The adjudication agreement -- Scheme adjudications -- Crystallising the dispute -- The notice of intention to adjudicate -- Appointing the adjudicator -- Referral and responses -- Subsequent communications with the adjudicator -- Production and enforcement of the decision.
520 _aWritten for surveyors acting on behalf of their client in a dispute or as adjudicators this guide enables you to have a detailed understanding of the legal framework and practical implications of adjudication. Written in plain English linked by explanatory text, this book discusses the case law interpreting the adjudication provisions of the Housing Grants, Construction and Regeneration Act 1996, associated Statutory Instruments and standard contractual provisions. Includes extracts from relevant legislation.
590 _aIKA251005
650 2 4 _aCONSTRUCTION ADJUDICATION
650 2 4 _aHUMAN RIGHTS ACT 1998
650 2 4 _aSCHEME FOR CONSTRUCTION CONTRACTS (ENGLAND AND WALES) REGULATIONS 1998
650 2 4 _aSCHEME FOR CONSTRUCTION CONTRACTS (SCOTLAND) REGULATIONS 1998
650 2 4 _aSCHEME FOR CONSTRUCTION CONTRACTS IN NORTHERN IRELAND REGULATIONS (NORTHERN IRELAND) 1999
650 2 4 _aCONSTRUCTION CONTRACTS (ENGLAND AND WALES) EXCLUSION ORDER 1998
650 2 4 _aCONSTRUCTION CONTRACTS (SCOTLAND) EXCLUSION ORDER 1998
650 2 4 _aCONSTRUCTION CONTRACTS EXCLUSION ORDER (NORTHERN IRELAND) 1999
651 4 _aUnited Kingdom
_y
690 _aMANAGEMENT-DISPUTE AVOIDANCE, MANAGEMENT AND RESOLUTION-DISPUTE MANAGEMENT AND RESOLUTION-ALTERNATIVE DISPUTE RESOLUTION-ADJUDICATION
942 _n0
999 _c104398
_d104398